LEADER 01353nam0 2200385 450 001 000000035 005 20090318123242.0 010 $a88-15-05304-2 100 $a19991029d1996----km-y0itay50------ba 101 1 $aita$ceng 102 $aIT 105 $aa-------001yy 200 1 $aEconomia dell'integrazione monetaria$fPaul de Grauwe 205 $aNuova ed. 210 $aBologna$cIl Mulino$d1996 215 $a253 p.$cill.$d21 cm 225 2 $aStrumenti$iEconomia 314 $aTraduzione di Federica Balugani. 410 0$12001$aStrumenti 451 0$1001000000048 500 10$a<>economic of monetary integration$m$952087 610 1 $aSistema monetario europeo 610 1 $aMoneta$aUnificazione$aPaesi della Comunità economica europea 610 1 $aMoneta$aUnificazione$aPaesi della Comunità economica europea$aAspetti giuridici 610 1 $aPolitica monetaria 610 1 $aComunità economica europea$aIntegrazione monetaria 676 $a332.494$v21$9Moneta e politica monetaria. Europa 700 1$aGrauwe,$bPaul : de$0121390 702 1$aBalugani,$bFederica$4070 801 0$aIT$bUNIPARTHENOPE$gRICA$2UNIMARC 912 $a000000035 951 $a332-E/14$b33109$cNAVA1$d19991029 951 $a432/59$b8304$cNAVA2$d20010330 996 $aEconomic of monetary integration$952087 997 $aUNIPARTHENOPE LEADER 02183nam0 2200445 i 450 001 RML0163704 005 20231121125656.0 010 $a8822256069 020 $aIT$b2007-7979 100 $a20061202d2006 ||||0itac50 ba 101 | $aeng 102 $ait 181 1$6z01$ai $bxxxe 182 1$6z01$an 200 1 $a˜A œshort-title list of subject dictionaries of the Sixteenth, Seventeenth and Eighteenth centuries$fGiorgio Tonelli 205 $aExtended ed.$frevised and annotated by Eugenio Canone and Margherita Palumbo 210 $aFirenze$cL. S. Olschki$d2006 215 $aXXXVI, 173 p., [1] c. di tav.$d24 cm. 225 | $aLessico intellettuale europeo$v102 410 0$1001CFI0026801$12001 $aLessico intellettuale europeo$v102$171202$aLessico intellettuale europeo$3CFIV025925 606 $aLessicografia$xDizionari$xSec. 16.-18.$xBibliografie$2FIR$3RMLC423433$9I 606 $aDizionari scientifici e tecnici$xSec. 16.-18.$xBibliografia$2FIR$3RMLC311498$9I 606 $aEnciclopedie$xSec. 16.-18.$xBibliografia$2FIR$3RMLC311499$9I 676 $a016.403$9$v21 676 $a413.028$9$v21 700 1$aTonelli$b, Giorgio$f <1928-1979>$3CFIV014299$4070$0454763 702 1$aPalumbo$b, Margherita$3CFIV054911 702 1$aCanone$b, Eugenio$3CFIV102713 801 3$aIT$bIT-01$c20061202 850 $aIT-RM028 $aIT-RM0290 $aIT-RM0313 $aIT-RM0418 $aIT-FR0017 899 $aBiblioteca Universitaria Alessandrina$bRM028 899 $aBIBLIOTECA ANGELICA$bRM0290 899 $aBIBLIOTECA CASANATENSE$bRM0313 899 $aBIBLIOTECA ACCADEMIA NAZ. DEI LINCEI E CORSINIANA$bRM0418 899 $aBiblioteca umanistica Giorgio Aprea$bFR0017 912 $aRML0163704 950 0$aBiblioteca umanistica Giorgio Aprea$d 52CIS 8/462$e 52VM 0000863395 VM barcode:00081265. - Inventario:6593 SBA_BAUMVM$fA $h20110202$i20121204 977 $a 01$a 06$a 07$a 10$a 52 996 $aShort-title list of subject dictionaries of the sixteenth, seventeenth and eighteenth centuries$91221598 997 $aUNICAS